000 00357nam a2200133Ia 4500
008 240624s9999 xx 000 0 und d
041 _aeng
082 _a371.102 KID
100 _aKIDD WARREN
245 _aTEACHING TEENAGERS A TOOLBOX FOR ENGAGIN
260 _c2011
_aLondon
_bSage Publications
300 _axxii, : 178 : p. : cm. ; 24
365 _cGBP
_b38
999 _c21649
_d21649